01689nam0a22002531 4500001001500000005001700015035002600032100004100058101001300099102000700112105001800119200059800137210007200735215003400807300004300841517030200884700007101186702003101257801002801288801003201316801003701348801003101385852001901416v19\rc\142679320260405093424.0 a(NLR Aleph) 005212862 a20060620d1852 |||y0rusy50 ca1 aruscfre aRU ay z |||||1 aГигиена лица и кожи, или Косметические средства для сохранения свежести лица, белизны, чистоты и прозрачности кожи; лучшие лекарства против лишаев, родимых пятен, веснушек, угрей и проч.eВерные и действительные способы исправить недостатки, несовершенства и уродливости лицаf[Соч.] А. ДебэяgПер. с фр. [и предисл. Крутикова] aСанкт-Петербургcтип. А. Дмитриеваd1852 a216 с. разд. паг.d18 aПредисл. переводчика0 aКосметические средства для сохранения свежести лица, белизны, чистоты и прозрачности кожи; лучшие лекарства против лишаев, родимых пятен, веснушек, угрей и проч. 18rus7caaДебеbО.f1802-1890gОгюст3RU\NLR\AUTH\7734353 1aКрутиков47304080 0aRUbNLRc20060620gpsbo 0aRUbRuMoRGBc200606202psbo 1aRUbProSoft-Mc200606202rusmarc 2aRUbNLRc200704232rusmarc aNLRj18.6.7.38